000 00532nam a2200193Ia 4500
005 20260429112301.0
008 260429s9999||||xx |||||||||||||| ||und||
020 _a9781666869361
041 _aEnglish
082 _a547
_bGRE
100 _aGreen, Joshua
245 0 _aElements of general organic chemistry /
_cJoshua Green
260 _aWilmington :
_bAmerican Academic Publisher,
_c2024.
300 _axi, 336 p.; hb
650 _a Chemical compounds
650 _a Chemistry
650 _aOrganic chemistry
942 _cTB
999 _c53305
_d53305